书目信息 |
| 题名: |
市制暨社区比较研究
|
|
| 作者: | 曹启挺 著 | |
| 分册: | ||
| 出版信息: | 北京 中国书籍出版社 2017 |
|
| 页数: | 302页 | |
| 开本: | 24cm | |
| 丛书名: | ||
| 单 册: | ||
| 中图分类: | K912 | |
| 科图分类: | ||
| 主题词: | 行政区划--研究--世界 | |
| 电子资源: | ||
| ISBN: | 978-7-5068-5706-2 | |
| 000 | 00873nam0 2200241 450 | |
| 001 | 3957 | |
| 005 | 20180527205507.65 | |
| 010 | @a978-7-5068-5706-2@b精装@dCNY78.00 | |
| 100 | @a20170427d2017 em y0chiy50 ea | |
| 101 | 0 | @achi |
| 102 | @aCN@b110000 | |
| 105 | @aa z 000yy | |
| 200 | 1 | @a市制暨社区比较研究@9shi zhi ji she qu bi jiao yan jiu@f曹启挺著 |
| 210 | @a北京@c中国书籍出版社@d2017 | |
| 215 | @a302页@c图@d24cm | |
| 300 | @a中国书籍·学术之星文库 | |
| 314 | @a曹启挺 (1978-),浙江岱山人。硕士,2002起任教于长沙民政职业技术学院社会工作学院,主要从事社区工作和社会福利行政的教学与研究。 | |
| 330 | @a本书系统地介绍了世界各国的市制特征,并将他们分类为大陆型、拉丁型和海洋型三大主要形态。 | |
| 606 | 0 | @a行政区划@x研究@y世界 |
| 690 | @aK912@v5 | |
| 701 | 0 | @a曹启挺@9cao qi ting@f(1978-)@4著 |
| 801 | 0 | @aCN@b91MARC@c20170427 |
| 905 | @aMuseLib@dK912@e253 | |
| 市制暨社区比较研究/曹启挺著.-北京:中国书籍出版社,2017 |
| 302页:图;24cm |
| 中国书籍·学术之星文库 |
| ISBN 978-7-5068-5706-2(精装):CNY78.00 |
| 本书系统地介绍了世界各国的市制特征,并将他们分类为大陆型、拉丁型和海洋型三大主要形态。 |
| ● |
| 相关链接 |
|
|
|
|
正题名:市制暨社区比较研究
索取号:K912/253
 
预约/预借
| 序号 | 登录号 | 条形码 | 馆藏地/架位号 | 状态 | 备注 |
| 1 | 1111314 | 211113141 | 第二样本阅览室/ [索取号:K912/253] | 在馆 | |
| 2 | 1111315 | 211113150 | 教育系资料室/ [索取号:K912/253] | 在馆 | |
| 3 | 1111316 | 211113169 | 教育系资料室/ [索取号:K912/253] | 在馆 | |
| 4 | 1111317 | 211113178 | 第二借阅区/ [索取号:K912/253] | 在馆 |